000 00365nam a2200133Ia 4500
008 240624s9999 xx 000 0 und d
041 _aeng
082 _a020 CAP
100 _aCAPLAN PRISCILLA
245 _aMETADATA FUNDAMENTALS FOR ALL LIBRARIANS
260 _c2009
_aNew Delhi
_bIndiana Publishing House
300 _aix, : 192 : p. : cm. ; 28
365 _cRS
_b20
999 _c13171
_d13171